000 00250nam a2200097Ia 4500
005 20251222114402.0
008 251222s1900||||xx |||||||||||||| ||spa||
082 _aDVD0070/F57/2005
245 0 _aLo que el viento se llevó:Gone with the wind
942 _cDVD
999 _c1672
_d1672